Broadway Musical Songs - Statistics

General Stats
  • This quiz has been taken 271 times
  • The average score is 13 of 25
Answer Stats
Hint Answer % Correct
Be Our Guest Beauty and the Beast
91%
Ex-Wives Six
86%
You Can't Stop the Beat Hairspray
80%
Revenge Party Mean Girls
76%
The Music of the Night The Phantom of the Opera
75%
America West Side Story
72%
Beauty School Dropout Grease
69%
Luck be a Lady Guys and Dolls
66%
Sex Is in the Heel Kinky Boots
64%
Everything's Coming Up Roses Gypsy
61%
Creepy Old Guy Beetlejuice
58%
No One Is Alone Into the Woods
57%
I Believe The Book of Mormon
57%
Take Me or Leave Me Rent
55%
Being Alive Company
39%
What I Did for Love A Chorus Line
38%
Independently Owned Shucked
36%
Big Spender Sweet Charity
30%
The Games I Play Falsettos
29%
The Impossible Dream Man of La Mancha
29%
Morning Glow Pippin
23%
Steal Your Rock 'n' Roll Memphis
21%
Diva's Lament Spamalot
21%
We Need a Little Christmas Mame
17%
U.N.C.O.U.P.L.E.D. Starlight Express
14%
No matching quizzes found
Score Distribution
Percent of People with Each Score
Percentile by Number Answered
Your Score History
You have not taken this quiz